| 000 | 01056cam a2200313 a 4500 | ||
|---|---|---|---|
| 001 | 2227 | ||
| 005 | 20250821142803.0 | ||
| 020 | _a0590466631 | ||
| 020 | _a9780590466639 | ||
| 040 |
_aDLC _cDLC _dDLC _beng |
||
| 050 | 0 | 0 |
_aPZ10.3.B437 _bFo 1994 |
| 082 | 0 | 0 |
_a036 _220 |
| 100 | 1 | _aBenjamin, Cynthia | |
| 245 | 1 | 0 |
_aFootprints in the snow / _cby Cynthia Benjamin ; illustrated by Jacqueline Rogers. |
| 250 | _aFirst Scholastic printing, December 1994 | ||
| 260 |
_aNew York : _bScholastic, _c1994 |
||
| 300 |
_a29 unnumbered pages : _billustrations _c23 cm |
||
| 505 | _aB | ||
| 520 | _aPictures and simple text depict forest animals' tracks in the snow as they rush to their homes during a winter storm. | ||
| 521 | 0 |
_a20 _bLexile |
|
| 521 | 2 |
_aB _bRaz-Plus |
|
| 650 | 1 |
_aAnimal tracks _vFiction. |
|
| 650 | 1 |
_aAnimals _xHabitations _vFiction. |
|
| 650 | 1 |
_aForest animals _vFiction. |
|
| 650 | 1 |
_aWinter _vFiction. |
|
| 700 | 1 |
_aRogers, Jacqueline _d1958- _eillustrator |
|
| 906 |
_a7 _bcbc _corignew _d1 _eocip _f19 _gy-gencatlg |
||
| 942 |
_2ddc _cBK _n0 |
||
| 999 |
_c2227 _d2227 |
||